Statystyki dla Ważne Daty w Historii Polski

Kliknij tutaj aby rozwiązać quiz!

Ogólne statystyki

  • Ten quiz został rozwiązany 8 575 razy
    (6 602 od ostatniego zresetowania)
  • Średni wynik to 18 z 30

Statystyki odpowiedzi

Lp.WydarzenieRok% Poprawnych
1Chrzest Polski966
99%
2Bitwa pod Grunwaldem1410
97%
9Wybuch Drugiej Wojny Światowej1939
91%
8Odzyskanie niepodległości1918
88%
4Upadek komunizmu w Polsce1989
85%
5Zjazd gnieźnieński1000
81%
15Wybuch Powstania Warszawskiego1944
78%
24Polska zostaje członkiem Unii Europejskiej2004
78%
25Trzeci rozbiór Polski1795
75%
12Wprowadzenie stanu wojennego w Polsce prze władze komunistyczne1981
75%
20Drugi rozbiór Polski1793
74%
6Uchwalenie Konstytucji 3 Maja1791
72%
18Pierwszy rozbiór Polski1772
71%
26Bitwa Warszawska z siłami ZSSR tzw. "Cud nad Wisłą"1920
67%
10Wybuch Powstania Listopadowego1830
66%
19Wejście Polski do struktur NATO1999
66%
22Wybuch Powstania Styczniowego1863
60%
14Wybuch Powstania Kościuszkowskiego1794
51%
16Hołd pruski1525
50%
11Odsiecz wiedeńska1683
46%
3Utworzenie Księstwa Warszawskiego1807
46%
7Podział dzielnicowy Polski1138
41%
13Unia lubelska z Litwą1569
38%
30Wkroczenie Polskiego Kontyngentu Wojskowego do Afganistanu2002
38%
27Poznański Czerwiec1956
35%
23Początek dynastii Jagiellonów w Polsce1386
27%
29Bitwa pod Kircholmem1605
26%
17Bitwa pod Chocimem1621 i 1673
26%
21Wybuch wojny trzynastoletniej z Zakonem Krzyżackim1454
22%
28Konfederacja warszawska1573
12%

Rozkład punktacji

Percentyl według liczby udzielonych odpowiedzi

Procent ludzi z każdym wynikiem

Twoja historia wyników

Nie rozwiązałeś tego quizu od ostatniego zresetowania